| 000 | 00899nas a2200265Ia 4500 | ||
|---|---|---|---|
| 001 | dg54-26500 [d000003031] | ||
| 003 | IT-MiCISF | ||
| 008 | 161014c99999999xx |||||||||||| ||und|| | ||
| 040 |
_aIT-MiCISF _cIT-MiCISF |
||
| 041 | _aITALIANO | ||
| 100 | _aRocchi Sandra | ||
| 210 | _aMo.V.I. | ||
| 222 | _aMo.V.I. | ||
| 245 | 0 | _aMinori e dintorni | |
| 250 | _a1a ed. | ||
| 260 | _c1997 | ||
| 501 |
_bCISF - Centro Internazionale Studi Famiglia - Via Giotto, 36 20145 MILANO (non commercial uses only) _cCopyright 2016 |
||
| 300 | _app. 1-44 | ||
| 362 | _a n. 1-2, gennaio-aprile [1997] | ||
| 500 | _aGaruti I., VernĂ² F., San Bonifacio C., Assente M.F., Previde Massara S., Montanelli A. Tema: servizi-infanzia, bambini-a-rischio, famiglia-urbana, volontariato, scuola | ||
| 650 |
_aservizi alla persona _vrivista |
||
| 700 | _aAA.VV. | ||
| 942 | _cCR | ||
| 957 | _71 | ||
| 999 |
_a26500 _bSi _g1 _c218928 _d218928 |
||